01090cam a2200265 a 450000500170000000800410001702000150005804000520007304100130012524501550013826000630029330000410035649000260039750400530042350500670047665000520054365000260059565000150062165100420063665100280067870000340070670000340074070000270077476500230080120140903175027.0060824s1998 xxuao frn 001 0 eng d a0231084048 aCO-BoUCMcJavier GarzóndDiana Londoñobspa1 aenghfre00aRealms of memorybthe construction of the french pastcdirección de Pierre Nora ; edición de Lawrence D. Kritzman ; traducción Arthur Goldhammer aNew York (Estados Unidos)bColumbia University Pressc1998 a3 volúmenesbilustraciones y fotos0 aEuropean perspectives aIncluye referencias bibliográficas e índices0 gV. 1tConflicts and divisionsgV. 2tTraditionsgV. 3tSimbols aCaracterísticas nacionalesxHistoriazFrancia24aNacionalismozFrancia24aSimbolismo 4aFranciaxCaracterísticas nacionales 4aFranciaxCivilización1 aGoldhammer, Arthuretraductor1 aKritzman, Lawrence D.eeditor1 aNora, Pierreedirector0 tLieux de mémoire